Discursos del Secretario de Relaciones Exteriores Jorge Castañeda : diciembre de 2000-junio de 2001 /

Compilación de los discursos dictados por Jorge G. Castañeda durante los primeros seis meses que estuvo al frente de la Secretaría de Relaciones Exteriores. Entre otros temas, aborda la importancia del servicio exterior mexicano y la diplomacia, así como política exterior del país; también revisa la...

Volledige beschrijving

Bewaard in:
Bibliografische gegevens
Coauteur: México. Secretario de Relaciones Exteriores. 2000-2003 (Castañeda)
Andere auteurs: Castañeda, Jorge G. (autor) (autor)
Formaat: Boek
Taal:Spaans
Gepubliceerd in: México : Secretaría de Relaciones Exteriores, 2002, c2002
Reeks:(Textos de Política Exterior ; 12-00, 6-001)
Onderwerpen:
Tags: Voeg label toe
Geen labels, Wees de eerste die dit record labelt!

MARC

LEADER 00000nam^a2200000^a^4500
001 000148000
005 20250521000000.0
009 20260310100009.028
022 |a 1405-700X 
037 |a Acervo ITESO - Biblioteca 
041 |a ESP 
082 |a 327. 72  |b SRE-dis 2001 
110 |a México. Secretario de Relaciones Exteriores. 2000-2003 (Castañeda) 
245 1 0 |a Discursos del Secretario de Relaciones Exteriores Jorge Castañeda :  |b diciembre de 2000-junio de 2001 /  |c J.G. Castañeda. 
264 4 |a México :  |b Secretaría de Relaciones Exteriores,  |c 2002, c2002 
300 |a 97 p. 
336 |a texto  |b txt  |2 rdacontenido 
337 |a sin mediación  |b n  |2 rdamedio 
338 |a volumen  |b nc  |2 rdasoporte 
440 1 |a (Textos de Política Exterior ;  |v 12-00, 6-001) 
520 |a Compilación de los discursos dictados por Jorge G. Castañeda durante los primeros seis meses que estuvo al frente de la Secretaría de Relaciones Exteriores. Entre otros temas, aborda la importancia del servicio exterior mexicano y la diplomacia, así como política exterior del país; también revisa la cuestión migratoria México-Estados Unidos, las estrategias para enfrentar la competitividad en el comercio exterior y los derechos humanos, entre otros. 
649 |a XX 
650 |a Ministros de Estado Mexicanos -  |x Discursos 
650 |a Políticos Mexicanos -  |x Discursos 
650 |a Secretaría de Relaciones Exteriores -  |z México -  |x Historia -  |y 2000-2006 
650 |a Ministerios de Relaciones Exteriores -  |z México 
650 |a Competencia (Economía) 
650 |a Comercio Exterior -  |z México -  |x Historia -  |y 2000-2006 
650 |a Seguridad Nacional -  |z México -  |x Historia -  |y 2000-2006 
650 |a Derechos Humanos 
650 |a Migración -  |z México-EUA 
650 |a Política Migratoria -  |z México 
650 |a Diplomacia -  |z México -  |x Historia -  |y 2000-2006 
650 |a Política Exterior -  |z México -  |x Historia -  |y 2000-2006 
650 |a Relaciones Internacionales 
700 |a Castañeda, Jorge G.  |e (autor) 
910 |a Fondo General 
920 |a Impresos - Libros 
930 |a Colección General 
905 |a 101 
901 |a 0500077531  |b IT1  |c ACC  |u 20250521 
901 |a 0500082425  |b IT1  |c ACC  |u 20250521 
902 |a https://opac.biblio.iteso.mx/vufind/Record/000148000